Johns Creek B

Rohan Dalal, Edward Kim, Danny Shapiro, Hayden Qi


Current Events - U.S.320.00100%33%67%
Current Events - World215.00100%50%0%
Fine Arts - Architecture110.00100%0%0%
Fine Arts - Ballet/Dance120.00100%100%0%
Fine Arts - Film210.0050%50%0%
Fine Arts - Jazz25.0050%0%0%
Fine Arts - Miscellaneous412.50100%25%0%
Fine Arts - Music915.5678%44%33%
Fine Arts - Opera110.00100%0%0%
Fine Arts - Painting613.33100%33%0%
Fine Arts - Photography215.00100%50%0%
Fine Arts - Sculpture215.00100%50%0%
Geography - Europe215.00100%50%0%
Geography - World215.00100%50%0%
History - American918.89100%78%11%
History - Cross, Historiography, and Miscellaneous921.11100%78%33%
History - European718.57100%29%57%
History - World621.67100%83%33%
Literature - American911.1178%33%0%
Literature - British715.71100%43%14%
Literature - European913.3389%44%0%
Literature - World and Miscellaneous812.5088%38%0%
Other - Other Academic and General Knowledge417.50100%75%0%
RMP - East Asian Religion120.00100%100%0%
RMP - Greco-Roman Mythology120.00100%100%0%
RMP - Hebrew Bible120.00100%100%0%
RMP - Hinduism120.00100%100%0%
RMP - Islam313.33100%33%0%
RMP - New Testament210.00100%0%0%
RMP - Other Religion110.00100%0%0%
RMP - Philosophy36.6767%0%0%
RMP - World Mythology615.00100%50%0%
Science - Astronomy215.00100%50%0%
Science - Biology1012.0080%30%10%
Science - Chemistry816.2588%63%13%
Science - Computer Science110.00100%0%0%
Science - Earth417.50100%75%0%
Science - Math313.33100%33%0%
Science - Physics1116.36100%64%0%
Social Science - Anthropology110.00100%0%0%
Social Science - Economics215.00100%50%0%
Social Science - Linguistics120.00100%100%0%
Social Science - Other110.00100%0%0%
Social Science - Psychology36.6767%0%0%
Social Science - Sociology210.0050%50%0%